01287nam a2200265 a 450000100100000000500170001000800410002702000150006804000250008308200150010824501300012326000350025330000290028850400260031770000300034370000290037370000290040271000760043104900090050795201280051695201280064495201130077295201190088599900170100400002807220200930031327.0110406s2007 dr c 000 0 spa d a9945852280 aDO-SdBNPbspacBNPHU axxxxbG63403aLa gomosis en la manzana de oro en (Spondias cytherea Sonnerat) en la República Dominicana /cCándida Batista...[et al.]. aSanto Domingo :bIDIAF,c2007. a7 p. :bretrs. ;c22 cm. aBibliografía : p. 71 aÁngeles, Rosendo9550941 aMoya, Juan de Dios915551 aGarcía, Socorro9550951 aInstituto Dominicano de Investigaciones Agropecuarias y Forestales9299 aBNPD 001054708DSaGRbGRcCTd2011-05-03iLF1l0oxxxx G634p28072-30r2020-06-25te. 3w2020-06-25yLFDSZPréstamo en sala 001054708DSaGRbGRcCTd2011-05-31iLF1l0oxxxx G634p28072-40r2020-06-25te. 4w2020-06-25yLFDSZPréstamo en sala 0010718PDaPDbPDcCTd2011-04-06iLF1l0oxxxx G634p28072-10r2020-06-25w2020-06-25yLFPDZNo se presta 0010718PDaPDbPDcCTd2011-04-28iLF1l0oxxxx G634p28072-20r2020-06-25te. 2w2020-06-25yLFPDZNo se presta c27564d27564